[Event "Laconi Perla del Sarcidano op 3rd"]
[White "Carucci, Bruno"]
[Black "Cossu, Fabrizio"]
[Site "Laconi"]
[Round "3"]
[Result "0-1"]
[Date "2007.08.05"]
[WhiteElo "1434"]
[BlackElo "1554"]
[PlyCount "66"]
[EventDate "2007.08.04"]
[EventType "swiss"]
[EventRounds "9"]
[EventCountry "ITA"]
[SourceTitle "EXT 2010"]
[Source "ChessBase"]
[SourceDate "2010.11.25"]
[SourceVersion "1"]
[SourceVersionDate "2010.11.25"]
[SourceQuality "1"]

1. d4 Nf6 2. c4 g6 3. Nf3 Bg7 4. Nc3 0-0 5. e4 c6 6. Bd3 d6 7. Be3 Nbd7 8. Qd2 Re8 9. h3 e5 10. d5 cxd5 11. Nxd5 Nxd5 12. cxd5 f5 13. Ng5 f4 14. Ne6 fxe3 15. fxe3 Qh4+ 16. Qf2 Qxf2+ 17. Kxf2 Nc5 18. Nxc5 dxc5 19. Rhd1 Bd7 20. a4 a6 21. Rac1 Rac8 22. g4 Bxa4 23. g5 Bxd1 24. Rxd1 c4 25. Bb1 b5 26. d6 Rc6 27. d7 Rd8 28. Ba2 Rc7 29. Rd6 Rdxd7 30. Rxa6 Ra7 31. Rxa7 Rxa7 32. Bb1 Ra1 33. Bc2 Rc1 0-1